000 00991npm a2200241 i 4500
001 5280
003 ES-MaACL
005 20250731063014.0
007 hzrazu bucu
008 900427r19901678it a 00010 ita d
080 _a92 Colon
080 _a91.045
100 1 _aColón, Fernando,
_d1488-1539
_939874
245 1 0 _aHistoire del signor D. Fernando Colombo
_b: [Microforma] : nelle quali s'ha particolare et vera relatione della vita, e de fatti dell'Ammiraglio D. Christoforo Colombo sou padre /
_cnuouamente di lengua spagnuola tradotte nell'italiana dal sign. Alfonso Ulloa.
260 _aMadrid :
_bAteneo Cientifico, Literario y Artistico,
_c1990.
300 _a1 carrete de microfilme :
_bnegativo ;
_c16 mm.
500 _aPublicado originalmente: Venetia, Iseppo Prodocimo, 1678.
650 1 4 _aObras anteriores a 1800.
_915661
700 1 _aUlloa, Alfonso.
_9111941
852 _aES-MaACL
_jMC-389
_95397
942 _2udc
_cMICROFORMA
999 _c5280
_d5280